The Indian succession act, (Record no. 84858)

MARC details
000 -LEADER
fixed length control field 00999cam a2200253 4500
001 - CONTROL NUMBER
control field sa 68012985
003 - CONTROL NUMBER IDENTIFIER
control field DLC
005 - DATE AND TIME OF LATEST TRANSACTION
control field 20260227112618.0
008 - FIXED-LENGTH DATA ELEMENTS--GENERAL INFORMATION
fixed length control field 691027s1968 ii 001 0 eng
010 ## - LIBRARY OF CONGRESS CONTROL NUMBER
LC control number sa 68012985
025 ## - OVERSEAS ACQUISITION NUMBER
Overseas acquisition number PL480:I-E-10988
040 ## - CATALOGING SOURCE
Original cataloging agency DLC
Transcribing agency DLC
Modifying agency DLC
050 00 - LIBRARY OF CONGRESS CALL NUMBER
Classification number KNS764.51925
Item number .M58 1968
082 00 - DEWEY DECIMAL CLASSIFICATION NUMBER
Classification number 347.6/5/0954
110 1# - MAIN ENTRY--CORPORATE NAME
Corporate name or jurisdiction name as entry element India (Republic).
Form subheading Laws, statutes, etc.
245 14 - TITLE STATEMENT
Title The Indian succession act,
Remainder of title Act no. XXXIX of 1925, with all amendments up-to-date, statement of objects and reasons, notes on clauses, report of the Joint Committee, reference to previous acts, Indian and English case-law, model forms and the Hindu succession act, 1956,
Statement of responsibility, etc. by B. B. Mitra.
250 ## - EDITION STATEMENT
Edition statement 9th ed.
Remainder of edition statement by Sudhindra Kumar Palit.
260 ## - PUBLICATION, DISTRIBUTION, ETC.
Place of publication, distribution, etc. Calcutta,
Name of publisher, distributor, etc. Eastern Law House,
Date of publication, distribution, etc. 1968.
300 ## - PHYSICAL DESCRIPTION
Extent lii, 682 p.
Dimensions 25 cm.
350 ## - PRICE (NR) (BK AM CF MU VM SE) [OBSOLETE]
Price 26.00
650 #0 - SUBJECT ADDED ENTRY--TOPICAL TERM
Topical term or geographic name entry element Inheritance and succession
Geographic subdivision India.
700 1# - ADDED ENTRY--PERSONAL NAME
Personal name Mitra, B. B.,
Dates associated with a name -1935,
Relator term ed.
700 1# - ADDED ENTRY--PERSONAL NAME
Personal name Palit, Sudhindra Kumar,
Relator term ed.

No items available.

Powered by Koha